Mechancis of materials (Record no. 16491)

000 -LEADER
fixed length control field 00535nam a22002057a 4500
001 - CONTROL NUMBER
control field 16491
003 - CONTROL NUMBER IDENTIFIER
control field BD-DhUET
008 - FIXED-LENGTH DATA ELEMENTS--GENERAL INFORMATION
fixed length control field 150319b xxu||||| |||| 00| 0 eng d
040 ## - CATALOGING SOURCE
Original cataloging agency DLC
Transcribing agency DLC
Modifying agency BD-DhUET
082 ## - DEWEY DECIMAL CLASSIFICATION NUMBER
Classification number 620.11
Item number HIG/1960
100 ## - MAIN ENTRY--PERSONAL NAME
Personal name Higdon, Archie
245 ## - TITLE STATEMENT
Title Mechancis of materials
250 ## - EDITION STATEMENT
Edition statement 1st ed.
260 ## - PUBLICATION, DISTRIBUTION, ETC. (IMPRINT)
Place of publication, distribution, etc. New York
Name of publisher, distributor, etc. John Eiley & Sons
Date of publication, distribution, etc. 1960
300 ## - PHYSICAL DESCRIPTION
Extent xiv, 502p.
Other physical details illus.
650 #0 - SUBJECT ADDED ENTRY--TOPICAL TERM
Topical term or geographic name as entry element Materials, Strength of engineering
700 ## - ADDED ENTRY--PERSONAL NAME
Personal name Ohlsen, Edward H.
700 ## - ADDED ENTRY--PERSONAL NAME
Personal name Stiles, William B.
942 ## - ADDED ENTRY ELEMENTS (KOHA)
Koha item type General Book
Holdings
Copy number Shelving location Koha normalized classification for sorting Piece designation (barcode) Location (home branch) Damaged status Source of classification or shelving scheme Lost status Withdrawn status Koha item type Price effective from Sublocation or collection (holding branch) Not for loan Koha full call number Date acquired Koha date last seen
1Circulation section620_110000000000000_HIG_19608837Central Library, BUET    General Book2015-03-19Central Library, BUET 620.11/HIG/19602015-03-192015-03-19
2Circulation section620_110000000000000_HIG_19608838Central Library, BUET    General Book2015-04-23Central Library, BUET 620.11/HIG/19602015-04-232015-04-23
3Circulation section620_110000000000000_HIG_19609452Central Library, BUET    General Book2015-04-27Central Library, BUET 620.11/HIG/19602015-04-272015-04-27